| 000 | 00827nam a2200181Ia 4500 | ||
|---|---|---|---|
| 008 | 100920s9999 xx 000 0 und d | ||
| 082 |
_b92308 _a24 न 03 |
||
| 100 | _aखंडेला मान चन्द. | ||
| 245 | _aवैज्ञानिक राष्ट्रपति डॉ. अब्दुल कलाम. | ||
| 260 |
_bआविष्कार पब्लिशर्स, डिस्ट्रीब्यूटर्स,जयपूर. _c2003 |
||
| 300 |
_a170 _bसाधी |
||
| 365 | _b375 | ||
| 520 | _aसायो. | ||
| 630 | _aवैज्ञानिक राष्ट्रपति डॉ. अब्दुल कलाम. | ||
| 650 | _aसायो. | ||
| 730 | _aवैज्ञानिक राष्ट्रपति डॉ. अब्दुल कलाम. | ||
| 942 | _cBOOK | ||
| 999 |
_c732754 _d732751 |
||